01785nam a2200349 a 450000100100000000500170001000800410002702000240006804000250009208200150011710000300013224501950016225000120035726000530036930000320042249000100045450500300046459000260049470000280052070000470054870000340059570000340062971000600066383000170072395201140074095201080085495201140096295201140107695201140119095201140130499900170141800004796320201002060830.0150130s2017 dr abc 000 0 spa d a9789945599657 (v.2) aDO-SdBNPbspacBNPHU axxxxbxxxx1 aRosa, Dolore de la97487110aMatemática 5 :bquinto grado, segundo ciclo educación primaria /cMartha Escaño, Dolore de la Rosa Juan Antonio Manzueta Concepción ; ilustraciones Ramón Sandoval, Osvaldo Flowers. a2a. ed. aSanto Domingo :bActualidad Escolar 2000,c2017. av. :bil., retrs. ;c22 cm.1 aVeraz av.2 ;tlibro del maestro. aInventariado, 2018/VM1 aEscaño, Martha9584861 aManzueta Concepción, Juan Antonio9748721 aSandoval, Ramóneil.9109551 aFlowers, Osvaldoeil..9748732 aActualidad Escolar 2000,(República Dominicana)973571 0aVeraz974848 0010718PDaGRbGRcHDd2018-10-05iLF1l0ov. 2, e. 3p47963-30r2020-06-25w2020-06-25yLFPDZNo se presta 0010718PDaPDbPDcHDd2018-10-05iLF1l0ov. 2p47963-10r2020-06-25w2020-06-25yLFPDZNo se presta 0010718PDaPDbPDcHDd2018-10-05iLF1l0ov. 2, e. 2p47963-20r2020-06-25w2020-06-25yLFPDZNo se presta 00107-18PDaGRbGRcOId2018-10-05iLF1l0oxxxx xxxxp47964-30r2020-06-25w2020-06-25yLFPDZNo se presta 00107-18PDaPDbPDcOId2018-10-05iLF1l0oxxxx xxxxp47964-10r2020-06-25w2020-06-25yLFPDZNo se presta 00107-18PDaPDbPDcOId2018-10-05iLF1l0oxxxx xxxxp47964-20r2020-06-25w2020-06-25yLFPDZNo se presta c47451d47451